| 000 | 00450 a2200169 4500 | ||
|---|---|---|---|
| 022 | _a9780199064380 | ||
| 040 |
_aDLC _bDLC |
||
| 082 | _a954.91053 | ||
| 100 | _aMaleeha Lodhi | ||
| 245 |
_aPakistan : beyond the crisis state _cMaleeha Lodhi |
||
| 250 | _a1st ed. | ||
| 260 |
_aNew york _bOxford university press _cc 2011. |
||
| 300 | _a391p. | ||
| 650 | _aPolitical science -- Pakistan | ||
| 700 | _aMaleeha Lodhi | ||
| 942 |
_cBK _k954.91053 LOD _2ddc |
||
| 999 |
_c10669 _d10669 |
||